Normal view
MARC view
- Royal Institution of Chartered Surveyors
Entry Corporate Name
001 - CONTROL NUMBER
- control field: 4967
003 - CONTROL NUMBER IDENTIFIER
- control field: OSt
005 - DATE AND TIME OF LATEST TRANSACTION
- control field: 20190806150239.0
008 - FIXED-LENGTH DATA ELEMENTS
- fixed length control field: 060626n| aaannaabn |n ana d
040 ## - CATALOGING SOURCE
- Original cataloging agency: OSt
- Transcribing agency: OSt
110 2# - HEADING--CORPORATE NAME
- Corporate name or jurisdiction name as entry element: Royal Institution of Chartered Surveyors
- Subordinate unit: Quantity Surveying and Construction Faculty
410 ## - SEE FROM TRACING--CORPORATE NAME
- Corporate name or jurisdiction name as entry element: Quantity Surveying and Construction Faculty
410 ## - SEE FROM TRACING--CORPORATE NAME
- Corporate name or jurisdiction name as entry element: RICS Quantity Surveying and Construction Faculty
670 ## - SOURCE DATA FOUND
- Source citation: The Journal, 2006-
680 ## - PUBLIC GENERAL NOTE
- Heading or subdivision term: Used for material by the RICS Quantity Surveying and Construction Faculty formerly known as the RICS Construction Faculty